000 00690nam a22001937a 4500
003 OSt
005 20240918105714.0
008 240918b ||||| |||| 00| 0 eng d
040 _cAIMIT LIBRARY
100 _aBhat, Shreyas K.
_e2216198
_9179280
245 _aCustomer acceptance of nutritional supplements for urban kids /
_cBy Shreyas K Bhat ; Guided by Ravi Kudatharkar.
260 _aBengaluru ;
_c2024.
650 _aIndustry profile company introduction company profile
_9179281
650 _aResearch methodology
_9179282
650 _aData analysis and interpretation
_9179283
700 _aKudatharkar, Ravi.
_eGuide
_9179284
856 _3Himalaya healthcare
942 _2ddc
_cPRO
999 _c231820
_d231820